000 00657nam a2200253Ia 4500
003 OSt
005 20220918214836.0
006 a|||||r|||| 00| 0
007 ta
008 220917b |||||||| |||| 00| 0 eng d
024 _a139,114
037 _cTextual
040 _aARTS
_cARTS
_beng
041 _2eng
_aeng
082 _aY:1.2, N0
100 _aSrinivasan R
_9132615
245 0 _aFacets of Indian culture
260 _aBombay
_bBharatiya Vidya Bhavan
_c1990
300 _avi,271p.
_ccm.
490 _aBhavan's Book University
650 _aSOCIOLOGY
942 _hY:1.2, N0
_cTEXL
_2CC
999 _c262141
_d262141